Top Ten Oldest US States by Year of Entry - Statistics

General Stats
  • This quiz has been taken 705 times
  • The average score is 9 of 10
Answer Stats
Hint Answer % Correct
June 25, 1788 Virginia
98%
Dec. 7, 1787 Delaware
96%
Feb. 6, 1788 Massachusetts
96%
Apr. 28, 1788 Maryland
95%
Dec. 12, 1787 Pennsylvania
95%
Dec. 18, 1787 New Jersey
93%
Jan. 9, 1788 Connecticut
92%
June 21, 1788 New Hampshire
91%
Jan. 2, 1788 Georgia
89%
May 23, 1788 South Carolina
86%
No matching quizzes found
Score Distribution
Percent of People with Each Score
Percentile by Number Answered
Your Score History
You have not taken this quiz